000
00288nam a22001217a 4500
008
170629b xxu||||| |||| 00| 0 eng d
041
_a
eng
080
_a
82
100
_a
22
101
_a
GJL
245
_a
THE FLOWERING OF NEW ENGLAND 1815 1865
_c
BROOKS.V.W
942
_2
udc
_c
BK
999
_c
19458
_d
19458